Statistics for Every Bryan Adams song that hit the Billboard hot 100

Click here to take the quiz!

General Stats

  • This quiz has been taken 64 times
  • The average score is 9 of 25

Answer Stats

Peak Chart PositionYearSong% Correct
51985Summer Of '69
89%
11991(Everything I Do) I Do It For You
85%
11985Heaven
83%
61985Run To You
70%
151983Cuts Like A Knife
63%
11994All For Love
44%
11995Have You Ever Really Loved A Woman?
43%
151986It's Only Love
43%
71993Please Forgive Me
41%
111985Somebody
37%
21991Can't Stop This Thing We Started
37%
101983Straight From The Heart
30%
241983This Time
30%
521996The Only Thing That Looks Good On Me Is You
30%
61987Heat Of The Night
26%
131985One Night Love Affair
24%
241996Let's Make A Night To Remember
24%
131992Thought I'd Died And Gone To Heaven
20%
111992Do I Have To Say The Words?
17%
311992There Will Never Be Another Tonight
17%
261987Hearts On Fire
11%
321987Victim Of Love
11%
841982Lonely Nights
9%
81996I Finally Found Someone (From "The Mirror Has Two Faces")
7%
731995Rock Steady
6%

Score Distribution

Percentile by Number Answered

Percent of People with Each Score

Your Score History

You have not taken this quiz